[Event "GER-ch U25-B"]
[Site "Willingen"]
[Date "2017.06.09"]
[Round "8"]
[White "Foos, Vanessa"]
[Black "Paeslack, Timo"]
[Result "0-1"]
[WhiteElo "935"]
[BlackElo "1041"]
[PlyCount "68"]
[EventDate "2017.06.04"]
[EventType "swiss"]
[EventRounds "9"]
[EventCountry "GER"]
[SourceTitle "CBM 178 Extra"]
[Source "ChessBase"]
[SourceDate "2017.06.22"]
[SourceVersion "1"]
[SourceVersionDate "2017.06.22"]
[SourceQuality "1"]

1. e4 e5 2. Nf3 Nc6 3. Bc4 Bc5 4. b4 Bd4 5. c3 Bb6 6. d4 exd4 7. Nxd4 Nxd4 8. cxd4 Nf6 9. e5 d5 10. exf6 dxc4 11. fxg7 Qxd4 12. gxh8Q+ Qxh8 13. Qe2+ Be6 14. Bb2 Bd4 15. Nc3 Bxc3+ 16. Bxc3 Qxc3+ 17. Qd2 Qxa1+ 18. Qd1 Qxd1+ 19. Kxd1 0-0-0+ 20. Kc2 Bf5+ 21. Kc3 b5 22. Re1 Rd3+ 23. Kb2 c3+ 24. Kb3 c2+ 25. Kxc2 Re3+ 26. Kd2 Rxe1 27. Kxe1 Kd7 28. h3 Be6 29. g4 Bxa2 30. f4 Kd6 31. f5 f6 32. h4 h6 33. h5 Ke5 34. g5 fxg5 0-1